| 000 | 00325nam a22001217a 4500 | ||
|---|---|---|---|
| 082 |
_a340.0941 _bHAL |
||
| 245 |
_aHalsbury's Laws of England / _cLord Hailsham of St. MaryLebone |
||
| 250 | _aFourth Edition. | ||
| 260 |
_aLondon : _bButterworths, _c1973-1986. |
||
| 300 | _a52 Volumes set | ||
| 563 | _aHB. | ||
| 942 |
_2ddc _cBK |
||
| 999 |
_c616167 _d616167 |
||